| 000 | 01018nam0a22002651 4500 | ||
|---|---|---|---|
| 001 | rc\2986922 | ||
| 005 | 20250530003540.0 | ||
| 035 | _a(NLR Aleph) 007131323 | ||
| 090 |
_a6962417 _c6962417 |
||
| 100 | _a20110913d1934 |||y0rusy50 ca | ||
| 101 | 0 | _arus | |
| 102 | _aRU | ||
| 105 | _aa z ||||| | ||
| 200 | 1 | _aОпределение радиусов и углов поворота воздушного корабля в зависимости от углов отклонения рулезаземления | |
| 210 |
_aМосква _cЦаги _d1934 |
||
| 215 |
_a21 с., 2 ил. _cил. |
||
| 225 | 1 |
_a[Технические заметки] _v[№ 32а] |
|
| 300 | _aИсточник: Каталог изданий ЦАГИ на 1 янв. 1936 г., с. 46 | ||
| 700 | 1 |
_aФедяевский _bК.К. _gКонстантин Константинович |
|
| 701 | 1 | _aГуржиенко | |
| 801 | 0 |
_aRU _bNLR _gpsbo |
|
| 801 | 1 |
_aRU _bELAR _2rusmarc |
|
| 852 |
_aNLR _jDesideratum |
||
| 942 | _cBOOK | ||
| 980 | _aNB | ||